000 01209cas a22003617a 4500
005 20231010062647.0
008 990305u1953 cs ar pernn 0 0b1cze d
010 _a77184
011 _a78156
020 _a8071371173
035 _a88012
245 0 0 _aActa Fytotechnica Agriculturae
_c/por Universitatis Agriculturae
260 0 _aNitra, Checoslovaquia :
_bUniversitatis Agriculturae,
_c1953-
300 _av.
310 _aAnual
362 1 _av.48, 1993
590 _aBATCH-UPD
_b10
_c20130110
_lUCH01
_h0213
590 _aBATCH-UPD
_b10
_c20130110
_lUCH01
_h2355
590 _aBATCH-UPD
_b10
_c20130409
_lUCH01
_h2229
590 _aBATCH-UPD
_b10
_c20130410
_lUCH01
_h1641
590 _aBATCH-UPD
_b10
_c20130913
_lUCH01
_h2114
590 _aCONVERSION
_b10
_c20130109
_lUCH01
_h1342
650 1 7 _aAgricultura
_xPublicaciones periódicas
_2
_91772
650 1 4 _aPlantas
_xMejoramiento
_xPublicaciones periódicas.
_988856
866 _av.13-15 (1966-1967)
866 _av.17-18 (1968)
866 _av.28-29 (1973-1974)
866 _av.32-35 (1977-1979)
866 _av.38-44 (1982-1988)
866 _av.46-48 (1990-1993)
901 _aSE
905 _aLilia Sánchez G.
999 _c77184
_d77184